[Event "Open NK"]
[Site "Dieren NED"]
[Date "2011.07.20"]
[Round "2"]
[White "Turova,I"]
[Black "L'Ami,E"]
[Result "0-1"]
[WhiteElo "2413"]
[BlackElo "2611"]
[EventDate "2011.07.19"]

1. d4 Nf6 2. c4 g6 3. Nc3 Bg7 4. e4 d6 5. f4 O-O 6. Nf3 a6 7. Bd3 Bg4 8.
Be3 Nfd7 9. O-O Nc6 10. d5 Nd4 11. Be2 Nxe2+ 12. Qxe2 c5 13. dxc6 bxc6 14.
Qc2 Bxf3 15. Rxf3 Qa5 16. Bf2 Nc5 17. Re1 Ne6 18. b3 Nxf4 19. b4 Qxb4 20.
Na4 Ne6 21. Rb1 Qa5 22. c5 Nd4 23. Bxd4 Bxd4+ 24. Kh1 Rab8 25. Rxb8 Qe1+
0-1

[Event "Open NK"]
[Site "Dieren NED"]
[Date "2011.07.20"]
[Round "2"]
[White "Timman,J"]
[Black "Ly,Mo"]
[Result "1/2-1/2"]
[WhiteElo "2575"]
[BlackElo "2369"]
[EventDate "2011.07.19"]

1. Nf3 Nf6 2. c4 g6 3. g3 Bg7 4. Bg2 O-O 5. d4 d6 6. O-O Nc6 7. Nc3 a6 8.
h3 Bd7 9. e4 e5 10. d5 Nd4 11. Nxd4 exd4 12. Qxd4 Qc8 13. h4 Ng4 14. Qd1
Ne5 15. Qe2 b5 16. cxb5 axb5 17. Nd1 f5 18. f4 Ng4 19. Bd2 Bd4+ 20. Kh1
fxe4 21. Qxe4 Bb6 22. Qd3 Bf5 23. Qxb5 Nf6 24. Be3 Be4 25. f5 Ra5 26. Qc4
gxf5 27. Bxb6 cxb6 28. Qxc8 Rxc8 29. Ne3 Nxd5 30. Nxf5 Bxf5 31. Rxf5 Ne3
32. Rxa5 bxa5 33. Bh3 Re8 34. Rc1 d5 35. Rc7 Rd8 36. Be6+ Kh8 37. Kg1 Rf8
38. Rc8 Rxc8 39. Bxc8 Nd1 40. b3 Kg7 41. Bf5 h6 42. Bd3 Kf6 43. Kf1 Ke5 44.
Ke1 Ne3 45. Kd2 Ng4 46. Be2 Nf6 47. Bf3 Kd4 48. a3 Nd7 49. g4 Ne5 50. Ke2
Ng6 51. g5 hxg5 52. hxg5 Kc3 53. Ke3 Kxb3 54. Bxd5+ Kxa3 55. Ke4 Kb4 56.
Bf7 Nh8 57. Ba2 Ng6 58. Kf5 Nh4+ 59. Kg4 Ng6 60. Bb1 Ne7 61. Kf4 Kc3 62.
Ke5 Kb2 63. Ke6 Kxb1 1/2-1/2

[Event "Open NK"]
[Site "Dieren NED"]
[Date "2011.07.20"]
[Round "2"]
[White "Sowray,P"]
[Black "Fier,A"]
[Result "0-1"]
[WhiteElo "2350"]
[BlackElo "2566"]
[EventDate "2011.07.19"]

1. e4 c5 2. Nf3 d6 3. d4 cxd4 4. Nxd4 Nf6 5. Nc3 Nc6 6. Bg5 e6 7. Qd2 a6 8.
O-O-O Bd7 9. f4 b5 10. Bxf6 gxf6 11. Kb1 Qb6 12. Nxc6 Bxc6 13. f5 b4 14.
Ne2 e5 15. Ng3 Qc5 16. Bd3 h5 17. h4 Bh6 18. Qe2 Be3 19. Nxh5 Ke7 20. g4 a5
21. Rh3 Bd4 22. Bc4 a4 23. Ng3 b3 24. cxb3 a3 25. bxa3 Rxa3 26. Rd2 Qa5 27.
Nf1 Qa8 28. Ng3 Rb8 29. Rd3 Rb4 30. Bd5 Qa6 31. Rf3 Qb7 32. Qc2 Bxd5 33.
exd5 Rba4 34. Ne4 Rxa2 35. Qxa2 Rxa2 36. Kxa2 Qa6+ 37. Kb1 Qa1+ 38. Kc2
Qb2+ 0-1

[Event "Open NK"]
[Site "Dieren NED"]
[Date "2011.07.20"]
[Round "2"]
[White "Radulski,J"]
[Black "Vishnu,P"]
[Result "1-0"]
[WhiteElo "2556"]
[BlackElo "2340"]
[EventDate "2011.07.19"]

1. e4 e5 2. Nf3 Nc6 3. Nc3 Nf6 4. a3 g6 5. d4 exd4 6. Nxd4 Bg7 7. Nxc6 bxc6
8. Bc4 O-O 9. O-O d6 10. Bg5 Be6 11. Bxe6 fxe6 12. e5 dxe5 13. Qe2 Qb8 14.
Bxf6 Rxf6 15. Ne4 Rf7 16. Rfd1 Qxb2 17. Qc4 Re8 18. a4 Rd7 19. h4 Rd4 20.
Qxc6 Red8 21. Rdb1 1-0

[Event "Open NK"]
[Site "Dieren NED"]
[Date "2011.07.20"]
[Round "2"]
[White "Ikeda,J"]
[Black "Vovk,A"]
[Result "1-0"]
[WhiteElo "2349"]
[BlackElo "2551"]
[EventDate "2011.07.19"]

1. Nf3 Nf6 2. g3 g6 3. b3 Bg7 4. Bb2 O-O 5. Bg2 c5 6. c4 Nc6 7. O-O d6 8.
Nc3 Rb8 9. d4 Bd7 10. dxc5 dxc5 11. Na4 b6 12. Ne5 Qc8 13. Nxd7 Nxd7 14.
Bxg7 Kxg7 15. Nc3 Nf6 16. e3 h5 17. Qf3 Ne5 18. Qe2 Rd8 19. Rad1 a6 20.
Rxd8 Qxd8 21. f4 Ned7 22. e4 e5 23. Bh3 Qe8 24. Nd5 Rd8 25. Bxd7 Rxd7 26.
fxe5 Ng8 27. Qb2 Kh7 28. g4 hxg4 29. Qc3 Qe6 30. Qg3 Kg7 31. Rf6 Qe8 32.
Rxb6 Qd8 33. Rxa6 Qg5 34. Qf4 Qh4 35. Qf2 g3 36. hxg3 Qxe4 37. Ra8 Rxd5 38.
cxd5 Qxd5 39. Rc8 Qxe5 40. Rxc5 Qa1+ 41. Kg2 Nf6 42. Rc4 g5 43. Qe2 Qb1 44.
Rc5 Kh6 45. Rc6 Kg7 46. Rxf6 1-0

[Event "Open NK"]
[Site "Dieren NED"]
[Date "2011.07.20"]
[Round "2"]
[White "Nijboer,F"]
[Black "Goudriaan,E"]
[Result "1-0"]
[WhiteElo "2546"]
[BlackElo "2283"]
[EventDate "2011.07.19"]

1. e4 c5 2. Nf3 d6 3. d4 cxd4 4. Nxd4 Nf6 5. Nc3 a6 6. Be3 e5 7. Nb3 Be6 8.
f4 exf4 9. Bxf4 Nc6 10. Qe2 Be7 11. h3 Rc8 12. O-O-O Nb4 13. Kb1 Bxb3 14.
cxb3 Qb6 15. g4 O-O 16. g5 Nd7 17. a3 Nc6 18. b4 Rfe8 19. Nd5 Qd8 20. h4
Nb6 21. Bh3 Ra8 22. Nc3 Bf8 23. Qh2 Ne5 24. h5 Qc7 25. g6 h6 26. Be3 Nbc4
27. Nd5 Qc6 28. Rc1 fxg6 29. Qe2 Qb5 30. Nc3 Qc6 31. hxg6 b5 32. Nd5 Nxg6
33. Bf5 Nf4 34. Nxf4 Rxe4 35. Qg2 Rae8 36. Rxh6 Nxe3 37. Rh8+ Kxh8 38. Qh3+
1-0

[Event "Open NK"]
[Site "Dieren NED"]
[Date "2011.07.20"]
[Round "2"]
[White "Van der Linden,L"]
[Black "Brandenburg,D"]
[Result "1/2-1/2"]
[WhiteElo "2275"]
[BlackElo "2538"]
[EventDate "2011.07.19"]

1. d4 Nf6 2. c4 c5 3. d5 b5 4. cxb5 a6 5. bxa6 g6 6. Nc3 Bxa6 7. g3 d6 8.
Bg2 Bg7 9. Nf3 Nbd7 10. Rb1 Nb6 11. b3 Bc8 12. Nh4 h6 13. Qc2 Qd7 14. Bb2
g5 15. Nf3 Bb7 16. Nd2 O-O 17. e4 Ba6 18. h4 g4 19. Bf1 Qc8 20. a4 Nfd7 21.
Bb5 Ne5 22. O-O f5 23. Bxa6 Rxa6 24. Ne2 fxe4 25. Qxe4 Qf5 26. Qxf5 Rxf5
27. Nf4 Kf7 28. Kg2 Ng6 29. Nxg6 Kxg6 30. Bxg7 Kxg7 31. f3 Rxd5 32. Rb2 Nd7
33. Nc4 Rf5 34. Re2 gxf3+ 35. Rxf3 Rxf3 36. Kxf3 Kf7 37. g4 e5 38. g5 hxg5
39. hxg5 d5 40. Nxe5+ Nxe5+ 41. Rxe5 Rb6 42. Rxd5 Rxb3+ 43. Ke4 Rb4+ 44.
Kf5 Rxa4 45. Rd7+ Kg8 46. Rc7 c4 47. Kg6 Ra6+ 48. Kh5 Rb6 49. Rxc4 Ra6 50.
Rc7 1/2-1/2

[Event "Open NK"]
[Site "Dieren NED"]
[Date "2011.07.20"]
[Round "2"]
[White "Bus,T"]
[Black "Lenderman,A"]
[Result "0-1"]
[WhiteElo "2237"]
[BlackElo "2525"]
[EventDate "2011.07.19"]

1. c4 e5 2. g3 Nf6 3. Bg2 d5 4. cxd5 Nxd5 5. Nc3 Nb6 6. Nf3 Nc6 7. O-O Be7
8. a3 O-O 9. b4 a6 10. d3 f5 11. Bb2 Be6 12. Rc1 Bf6 13. e4 f4 14. Re1 g5
15. Na4 Nxa4 16. Qxa4 Qxd3 17. Red1 Bb3 18. Rxd3 Bxa4 19. gxf4 gxf4 20. Rd5
Rae8 21. Bh3 Re7 22. Kh1 Kf7 23. Bg4 Rg8 24. Bh5+ Kf8 25. Rcc5 Bb3 26. Rd3
Ba2 27. Rd1 Bb3 28. Rd3 Bf7 29. Bxf7 Kxf7 30. Rdd5 Rge8 31. Kg2 Re6 32. Bc3
R8e7 33. Bb2 Rd6 34. Kf1 Red7 35. Rxd6 cxd6 36. Rd5 Ke6 37. b5 Ne7 38. Rd3
d5 39. bxa6 bxa6 40. exd5+ Rxd5 41. Rb3 Rb5 42. Nd2 Rxb3 43. Nxb3 Kd5 44.
f3 Nf5 45. Ke2 Ne3 46. Bc1 Nc4 47. Kd3 Be7 48. a4 Bb4 0-1

[Event "Open NK"]
[Site "Dieren NED"]
[Date "2011.07.20"]
[Round "2"]
[White "Milov,L"]
[Black "Zwirs,Nico"]
[Result "1-0"]
[WhiteElo "2515"]
[BlackElo "2125"]
[EventDate "2011.07.19"]

1. e4 c5 2. Nf3 d6 3. d4 cxd4 4. Nxd4 Nf6 5. Nc3 a6 6. Bg5 e6 7. Qf3 Nbd7
8. O-O-O Qc7 9. Qg3 b5 10. Bxb5 axb5 11. Ndxb5 Qb7 12. Rxd6 Rxa2 13. Nc7+
Kd8 14. Nxe6+ fxe6 15. Nxa2 Bxd6 16. Qxd6 Qxe4 17. Nb4 Ke8 18. Bxf6 gxf6
19. Nc6 Kf7 20. Rd1 Re8 21. Qc7 Kg8 22. Kb1 Qa4 23. Na7 Ne5 24. Nxc8 Qg4
25. f3 Qxg2 26. Nd6 Rf8 27. Qe7 Qxf3 28. Rg1+ Ng6 29. Qxe6+ Kh8 30. Re1 f5
31. Nf7+ Kg7 32. Ng5 Qf2 33. Rd1 Kh8 34. Nf7+ Kg7 35. Ng5 Kh8 36. h3 Qf4
37. Rg1 Qf2 38. Rd1 Qf4 39. Nf7+ Kg7 40. Nd8 Qf3 41. Qd7+ Kh6 42. Ne6 Rf7
43. Qd2+ f4 44. Rg1 Qe3 45. Qxe3 fxe3 46. Re1 Re7 47. Rxe3 Nf4 48. Nd4 Rxe3
49. Nf5+ Kg5 50. Nxe3 Nxh3 51. b4 Nf4 52. b5 Ne6 53. Kb2 h5 54. Kc3 Kf4 55.
b6 Nd8 56. Kd4 Nc6+ 57. Kc5 Nb8 58. Kd4 Nc6+ 59. Kd5 Nb8 60. Nf1 h4 61. c4
h3 62. c5 Kf3 63. c6 Nxc6 64. Kxc6 Kg2 65. b7 Kxf1 66. b8=Q Kg2 67. Qg8+
Kh1 68. Qd5+ Kg1 69. Qd4+ Kg2 70. Qg4+ Kh1 71. Qxh3+ 1-0

[Event "Open NK"]
[Site "Dieren NED"]
[Date "2011.07.20"]
[Round "2"]
[White "Maatman,Nick"]
[Black "Neverov,V"]
[Result "1/2-1/2"]
[WhiteElo "1994"]
[BlackElo "2500"]
[EventDate "2011.07.19"]

1. d4 Nf6 2. c4 e6 3. Nc3 Bb4 4. f3 c5 5. d5 d6 6. e4 O-O 7. Nge2 exd5 8.
cxd5 Nbd7 9. g4 Ne5 10. Bg2 Nfxg4 11. fxg4 Qh4+ 12. Ng3 c4 13. Be3 Bxg4 14.
Qc2 Nd3+ 15. Kd2 f5 16. exf5 Rae8 17. Be4 Bxf5 18. Bxf5 Rxe3 19. Kxe3 Rxf5
20. Nxf5 Qf4+ 21. Ke2 Qg4+ 22. Ke3 Qf4+ 23. Ke2 Qg4+ 24. Ke3 Bc5+ 25. Kd2
Qg2+ 26. Ne2 Bb4+ 27. Qc3 Bxc3+ 28. bxc3 Qg5+ 29. Ne3 Nf2 30. Ng3 Nxh1 31.
Rxh1 g6 32. Rb1 b6 33. Rb4 Qh4 34. Rxc4 Qxh2+ 35. Ne2 h5 36. Rc7 Qe5 37.
Kd3 a5 38. Nd4 Qg3 39. Ne6 h4 40. Rc8+ Kh7 41. Rc7+ Kg8 42. Rc8+ Kh7 43.
Rc7+ 1/2-1/2

[Event "Open NK"]
[Site "Dieren NED"]
[Date "2011.07.20"]
[Round "2"]
[White "Deepan,C"]
[Black "Kollen,Z"]
[Result "1-0"]
[WhiteElo "2470"]
[BlackElo "2118"]
[EventDate "2011.07.19"]

1. e4 e6 2. d4 d5 3. Nd2 Nf6 4. e5 Nfd7 5. c3 c5 6. Bd3 b6 7. Qe2 cxd4 8.
cxd4 Nc6 9. Ngf3 Nb4 10. O-O Nxd3 11. Qxd3 a5 12. Re1 Ba6 13. Qe3 Rc8 14.
a3 Nb8 15. Nf1 Bxf1 16. Rxf1 Be7 17. Bd2 Qd7 18. Qb3 Qa7 19. Qb5+ Rc6 20.
Rac1 Qc7 21. Rxc6 Nxc6 22. Rc1 Kd7 23. g4 h6 24. h4 h5 25. gxh5 Rxh5 26.
Bg5 Bxg5 27. hxg5 g6 28. Kg2 Rh8 29. Nh2 Rh4 30. Nf3 Rh8 31. Ng1 Rc8 32.
Ne2 Qb7 33. Qd3 Ne7 34. Qb5+ Rc6 35. Rh1 Qc8 36. b4 axb4 37. Qxb4 Qa6 38.
Ng3 Qc4 39. Qd2 Qc3 40. Qf4 Nf5 41. Rh7 Ke7 42. Nxf5+ exf5 43. e6 Rxe6 44.
Qb8 Qc1 45. Qb7+ Kd6 46. Qxb6+ Ke7 47. Qb4+ Ke8 48. Rh8+ Kd7 49. Qb7+ Qc7
50. Qxd5+ Qd6 51. Qb7+ Qc7 52. Qb3 Qf4 53. Qb5+ Rc6 54. Qd5+ 1-0

[Event "Open NK"]
[Site "Dieren NED"]
[Date "2011.07.20"]
[Round "2"]
[White "Vovk,Y"]
[Black "Beerdsen,Thomas"]
[Result "1-0"]
[WhiteElo "2564"]
[BlackElo "2009"]
[EventDate "2011.07.19"]

1. e4 c5 2. Nf3 d6 3. d4 cxd4 4. Nxd4 Nf6 5. Nc3 a6 6. a4 g6 7. Be2 Bg7 8.
O-O O-O 9. Be3 Qc7 10. Nd5 Nxd5 11. exd5 Nd7 12. a5 Ne5 13. c4 Rb8 14. b4
b6 15. axb6 Rxb6 16. Rb1 Qb8 17. f4 Nd7 18. Nc6 Qc7 19. Nxe7+ Kh8 20. Bxb6
Qxb6+ 21. Kh1 Bb7 22. c5 dxc5 23. bxc5 Qxc5 24. Rxb7 Qxe7 25. d6 Qd8 26.
Qd5 1-0

[Event "Open NK"]
[Site "Dieren NED"]
[Date "2011.07.20"]
[Round "2"]
[White "Vosselman,J"]
[Black "Georgiev,Vl"]
[Result "0-1"]
[WhiteElo "2112"]
[BlackElo "2559"]
[EventDate "2011.07.19"]

1. d4 d6 2. c4 e5 3. d5 g6 4. e4 a5 5. Nc3 Na6 6. Nf3 Nf6 7. Be2 Nc5 8. Qc2
Bg7 9. h3 Nh5 10. Bg5 f6 11. g4 fxg5 12. gxh5 gxh5 13. Nh2 g4 14. hxg4 Bh6
15. Nf1 h4 16. Ne3 Bxe3 17. fxe3 Qg5 18. Kd2 Bxg4 19. Rag1 h5 20. Qd1 Rg8
21. Qe1 O-O-O 22. Rxh4 Rdf8 23. Qg3 Qf6 24. Bxg4+ hxg4 25. Rxg4 Rxg4 26.
Qxg4+ Kb8 27. Qe2 Qh4 28. Rf1 Rg8 29. Qf3 Qh2+ 30. Rf2 Qg1 31. Nb5 Nxe4+
32. Qxe4 Qxf2+ 33. Kd3 Rg2 0-1

[Event "Open NK"]
[Site "Dieren NED"]
[Date "2011.07.20"]
[Round "2"]
[White "Petrov,Marij"]
[Black "Partenheimer,A"]
[Result "1-0"]
[WhiteElo "2534"]
[BlackElo "2206"]
[EventDate "2011.07.19"]

1. e4 c5 2. Nf3 e6 3. c3 Nf6 4. e5 Nd5 5. g3 Nc6 6. Bg2 d6 7. exd6 Bxd6 8.
O-O O-O 9. d4 cxd4 10. Nxd4 Nxd4 11. Qxd4 Qc7 12. Nd2 Rd8 13. Nf3 Bd7 14.
c4 Ne7 15. b3 Nf5 16. Qc3 Be7 17. Bf4 Qb6 18. g4 Bf6 19. Be5 Bxe5 20. Nxe5
Ne7 21. a4 Rab8 22. a5 Qc7 23. Qg3 Be8 24. Rfd1 Rxd1+ 25. Rxd1 f6 26. Nd3
Qxg3 27. hxg3 Nc6 28. Nc5 Nxa5 29. Ra1 b6 30. Nxe6 Bf7 31. Bd5 Re8 32. Nf4
Re7 33. Ra3 Kf8 34. c5 Bxd5 35. Nxd5 Re5 36. cxb6 axb6 37. Nxb6 Rb5 38. Nc4
Nxb3 39. Ra8+ Ke7 40. Ra7+ Ke6 41. Rxg7 h5 42. Ne3 hxg4 43. Rxg4 Nc5 44.
Rc4 Ra5 45. Kg2 Rb5 46. Nc2 Ra5 47. g4 Nd7 48. f4 Rc5 49. Re4+ Kf7 50. Ne3
Nf8 51. Nf5 Rc7 52. Nd6+ Kg6 53. Re8 Kg7 54. Ra8 Rc2+ 55. Kf3 Rc6 56. Rd8
1-0

[Event "Open NK"]
[Site "Dieren NED"]
[Date "2011.07.20"]
[Round "2"]
[White "Oudshoorn,Arres"]
[Black "Hendriks,W"]
[Result "0-1"]
[WhiteElo "2007"]
[BlackElo "2415"]
[EventDate "2011.07.19"]

1. e4 c5 2. Nf3 Nc6 3. d4 cxd4 4. Nxd4 e6 5. Be2 a6 6. O-O Qc7 7. Nxc6 Qxc6
8. Bf3 Ne7 9. Be3 Ng6 10. g3 Bc5 11. Bd4 O-O 12. Nc3 d6 13. a4 b6 14. Ne2
Bb7 15. Bxc5 dxc5 16. Nc3 Rad8 17. Qe2 Rd4 18. Bg2 Rfd8 19. Rad1 Ne5 20. f4
Nd7 21. Rd2 Qc7 22. Rfd1 e5 23. f5 Nf6 24. Bf3 h6 25. b3 R8d7 26. Kf2 Qd8
27. Ke1 Qe7 28. Qe3 Bc6 29. Qe2 c4 30. Rxd4 exd4 31. Qxc4 Bxe4 32. Nxe4
Nxe4 33. Kf1 Ng5 34. Bg2 Qf6 35. Qd3 a5 36. Kg1 Re7 37. h4 Nh7 38. Bh3 Qd6
39. c3 Nf6 40. cxd4 Nd5 41. Bg2 Re3 42. Qc4 Rxg3 43. Rd2 Ne3 44. Qc1 Nxg2
45. Rxg2 Qxd4+ 46. Kf1 Rf3+ 47. Ke1 Qxh4+ 0-1

[Event "Open NK"]
[Site "Dieren NED"]
[Date "2011.07.20"]
[Round "2"]
[White "Odendahl,R"]
[Black "Hachijan,A"]
[Result "1/2-1/2"]
[WhiteElo "2375"]
[BlackElo "2165"]
[EventDate "2011.07.19"]

1. c4 g6 2. g3 Bg7 3. Bg2 Nf6 4. Nc3 O-O 5. d3 Nc6 6. Nf3 d5 7. cxd5 Nxd5
8. Bd2 Nb6 9. Qc1 Nd4 10. h4 h5 11. Nxd4 Qxd4 12. O-O c6 13. Be3 Qb4 14.
Rb1 Bg4 15. Re1 Qa5 16. a3 Rfd8 17. Bg5 Qe5 18. Ne4 Nd5 19. Qc4 Rac8 20.
Bd2 c5 21. Ng5 e6 22. Nf3 Qb8 23. Qa2 Bxf3 24. Bxf3 Qe5 25. Rec1 Kh7 26. b4
cxb4 27. axb4 a6 28. Qa5 Qd4 29. b5 axb5 30. Qxb5 b6 31. Rxc8 Rxc8 32. Bxd5
Qxd5 33. Be3 Qa2 34. Qxb6 Qxe2 35. Qb7 Qxd3 1/2-1/2

[Event "Open NK"]
[Site "Dieren NED"]
[Date "2011.07.20"]
[Round "2"]
[White "Brown,An"]
[Black "Van der Poel,H"]
[Result "0-1"]
[WhiteElo "2202"]
[BlackElo "2292"]
[EventDate "2011.07.19"]

1. d4 Nf6 2. c4 e6 3. Nf3 b6 4. g3 Ba6 5. Qc2 Bb4+ 6. Nbd2 O-O 7. Bg2 d5 8.
O-O c5 9. e4 Nc6 10. e5 Nd7 11. cxd5 exd5 12. Re1 Rc8 13. Qf5 Nxd4 14. Nxd4
cxd4 15. a3 Bxd2 16. Bxd2 Nc5 17. Bg5 Qe8 18. Rad1 Qe6 19. Qf3 Ne4 20. Bf4
d3 21. Qh5 Rc2 22. Rxe4 dxe4 23. Bxe4 g6 24. Qh6 Rxb2 25. Bxd3 Qg4 26. Bxa6
Qxd1+ 27. Kg2 Qd5+ 28. Kh3 Rxf2 29. Bg5 Qxe5 30. Bb7 Qe6+ 31. g4 Qb3+ 0-1

[Event "Open NK"]
[Site "Dieren NED"]
[Date "2011.07.20"]
[Round "2"]
[White "L'Ami,Alina"]
[Black "Van Mierlo,Guido"]
[Result "1-0"]
[WhiteElo "2312"]
[BlackElo "2097"]
[EventDate "2011.07.19"]

1. d4 d5 2. c4 c6 3. Nf3 Nf6 4. Nc3 dxc4 5. a4 Bf5 6. e3 e6 7. Bxc4 Bb4 8.
O-O O-O 9. Qe2 Nbd7 10. e4 Bg6 11. Bd3 Bh5 12. e5 Nd5 13. Nxd5 cxd5 14. Qe3
Be7 15. Ne1 Bg6 16. f4 Bxd3 17. Nxd3 a5 18. f5 exf5 19. Rxf5 Ra6 20. Bd2
Re8 21. Qf3 Nf8 22. Rxf7 Ne6 23. Be3 Rb6 24. Rf1 Bg5 25. Nc5 Bxe3+ 26. Qxe3
Nxc5 27. dxc5 Rbe6 28. Qg3 Rg6 29. Qf3 Rge6 30. Rxb7 R6e7 31. Rb6 h6 32.
Rd6 Qc7 33. Qxd5+ Kh8 34. e6 Qb8 35. Rb6 Qc8 36. Re1 Rf8 37. Qd6 Rfe8 38.
c6 Qa8 39. c7 Qa7 40. Rc1 1-0

[Event "Open NK"]
[Site "Dieren NED"]
[Date "2011.07.20"]
[Round "2"]
[White "Vogel,Ja"]
[Black "Gruenhagen,M"]
[Result "1-0"]
[WhiteElo "2221"]
[BlackElo "2133"]
[EventDate "2011.07.19"]

1. d4 d5 2. Nf3 c6 3. c4 Nf6 4. e3 a6 5. Nbd2 Bf5 6. Be2 e6 7. Nh4 Bg6 8.
Nxg6 hxg6 9. Qc2 Nbd7 10. O-O Qc7 11. g3 c5 12. cxd5 Nxd5 13. Ne4 Rc8 14.
Bd2 cxd4 15. Qxc7 Rxc7 16. exd4 Bb4 17. Bxb4 Nxb4 18. Rfc1 Rxc1+ 19. Rxc1
O-O 20. Rc7 Nf6 21. Rxb7 a5 22. Ng5 Nc6 23. Bc4 Nxd4 24. b3 Rd8 25. Nxf7
Rd7 26. Rxd7 Nxd7 27. Ng5 Nc5 28. f3 Kf8 29. Kf2 Ke7 30. Ke3 Nf5+ 31. Kd2
Kf6 32. f4 Nd6 33. Bd3 Nxd3 34. Kxd3 Kf5 35. Nf3 Kg4 36. Ng1 g5 37. fxg5
Kxg5 38. h3 Kf5 39. Nf3 e5 40. Ke3 Ke6 41. g4 Kd5 42. Nd2 Nb5 43. Nc4 Nc3
44. a3 Nd1+ 45. Ke2 Nc3+ 46. Ke3 Nd1+ 47. Ke2 Nc3+ 48. Kd3 Nd1 49. Ne3+ 1-0

[Event "Open NK"]
[Site "Dieren NED"]
[Date "2011.07.20"]
[Round "2"]
[White "Beukema,S"]
[Black "Kampman,T"]
[Result "1/2-1/2"]
[WhiteElo "2209"]
[BlackElo "2111"]
[EventDate "2011.07.19"]

1. e4 e6 2. d4 d5 3. Nc3 Nc6 4. Nf3 Nf6 5. Bg5 Be7 6. Bxf6 Bxf6 7. Bb5 O-O
8. O-O Nb8 9. Qd2 b6 10. Rad1 Bb7 11. Rfe1 dxe4 12. Nxe4 Bxe4 13. Rxe4 Qd5
14. Bd3 Qxa2 15. Ree1 Qa4 16. Be4 c6 17. Bd3 Be7 18. c3 Nd7 19. Qe2 Qa5 20.
Ne5 Nxe5 21. dxe5 b5 22. Qe4 g6 23. Qxc6 b4 24. c4 Qb6 25. Qf3 Bc5 26. b3
a5 27. Bc2 Rad8 28. Qf6 Rd4 29. Rxd4 Bxd4 30. Rd1 Qc5 31. Re1 Rb8 32. h4 a4
33. bxa4 b3 34. Bb1 Bc3 35. Re3 Qd4 36. Qf3 Ba5 37. h5 b2 38. h6 Bd8 39.
Rd3 Qxe5 40. Rd7 Bf6 41. a5 Qe1+ 42. Kh2 Be5+ 43. g3 Rf8 44. Qe3 Qxa5 45.
Rd5 Bxg3+ 46. Qxg3 exd5 47. Qe5 f6 48. Qe6+ Rf7 49. Qe8+ Rf8 50. Qd7 Rf7
51. Qe8+ Rf8 52. Qe7 Rf7 53. Qe8+ Rf8 54. Qe6+ Rf7 55. Qc8+ Rf8 56. Qb7 Rf7
57. Qb8+ Rf8 58. Qb7 Rf7 59. Qc8+ 1/2-1/2

[Event "Open NK"]
[Site "Dieren NED"]
[Date "2011.07.20"]
[Round "2"]
[White "Timmermans,M"]
[Black "Bakker,Guido"]
[Result "1-0"]
[WhiteElo "2183"]
[BlackElo "2088"]
[EventDate "2011.07.19"]

1. e4 c5 2. Nf3 Nc6 3. d4 cxd4 4. Nxd4 g6 5. c4 Bg7 6. Nc2 d6 7. Be2 Nf6 8.
Nc3 O-O 9. O-O Bd7 10. Be3 Rc8 11. Rc1 a6 12. Qd2 Re8 13. h3 Ne5 14. b3 Bc6
15. f3 b6 16. Rfd1 Ned7 17. Nd5 Bb7 18. Qe1 Rb8 19. Qf2 Bc8 20. Ncb4 Bb7
21. Nxb6 Bxe4 22. Nxa6 Rxb6 23. Bxb6 Qxb6 24. Qxb6 Nxb6 25. fxe4 Nxe4 26.
Bf3 Nc3 27. Rd3 1-0

[Event "Open NK"]
[Site "Dieren NED"]
[Date "2011.07.20"]
[Round "2"]
[White "Vereggen,L"]
[Black "Hoogland,D"]
[Result "1-0"]
[WhiteElo "2036"]
[BlackElo "2181"]
[EventDate "2011.07.19"]

1. d4 Nf6 2. c4 e6 3. Nf3 Bb4+ 4. Bd2 a5 5. a3 Bxd2+ 6. Nbxd2 d6 7. e4 Nc6
8. Rc1 O-O 9. Be2 b6 10. O-O Re8 11. Qc2 Ba6 12. Rfd1 Qe7 13. Bf1 Nd7 14.
Nb1 Bb7 15. Nc3 Qf6 16. Qd2 Qg6 17. Bd3 e5 18. d5 Ne7 19. b4 Qg4 20. Ra1
Ng6 21. Ne2 Nf4 22. Nxf4 Qxf4 23. Qe2 f5 24. Nd2 fxe4 25. Nxe4 Nf6 26. f3
Rf8 27. Qc2 g6 28. Nxf6+ Rxf6 29. Be4 Rff8 30. Qc3 Qg5 31. c5 bxc5 32. bxc5
Ba6 33. Qxa5 Be2 34. Qd2 Qxd2 35. Rxd2 Bb5 36. Rb2 Ba4 37. c6 Kf7 38. Rb7
Rfc8 39. h4 Ra5 40. Rc1 Bb5 41. Rc3 Kf6 42. Kf2 h5 43. Ke3 g5 44. g3 gxh4
45. gxh4 Bf1 46. Rb1 Bh3 47. Rg1 Rca8 48. Rg6+ Kf7 49. Rh6 Rxa3 50. Rxa3
Rxa3+ 51. Kf2 Ra2+ 52. Kg1 Rg2+ 53. Kh1 Rg7 54. Rxh5 Bc8 55. Kh2 Ba6 56.
Rf5+ Kg8 57. h5 Bc8 58. Rf6 Rf7 59. Rxf7 Kxf7 60. h6 Kf6 61. Kg3 Kf7 62.
Kh4 Kf6 63. Bd3 1-0

[Event "Open NK"]
[Site "Dieren NED"]
[Date "2011.07.20"]
[Round "2"]
[White "Lommers,F"]
[Black "Offringa,Joo"]
[Result "1/2-1/2"]
[WhiteElo "2176"]
[BlackElo "2085"]
[EventDate "2011.07.19"]

1. e4 e5 2. Nf3 Nc6 3. d4 exd4 4. Bc4 Nf6 5. e5 d5 6. Bb5 Ne4 7. Nxd4 Bd7
8. Bxc6 bxc6 9. O-O Bc5 10. Be3 O-O 11. f3 Ng5 12. f4 Ne4 13. Nd2 Nxd2 14.
Qxd2 Qe7 15. Rae1 Rab8 16. f5 Rfe8 17. Nb3 Bb6 18. Kh1 Qh4 19. Bg5 Qh5 20.
Qf4 f6 1/2-1/2

[Event "Open NK"]
[Site "Dieren NED"]
[Date "2011.07.20"]
[Round "2"]
[White "Jonker,F"]
[Black "Smagin,N"]
[Result "1/2-1/2"]
[WhiteElo "2154"]
[BlackElo "1977"]
[EventDate "2011.07.19"]

1. e4 d6 2. d4 Nf6 3. Nc3 g6 4. Nf3 Bg7 5. Be2 O-O 6. O-O Bg4 7. Be3 Nc6 8.
a4 e5 9. d5 Ne7 10. a5 a6 11. Nd2 Bxe2 12. Qxe2 Nd7 13. Na4 f5 14. f3 f4
15. Bf2 g5 16. c4 Rf7 17. b4 Bf8 18. c5 Nf6 19. b5 axb5 20. cxd6 cxd6 21.
Nb6 Rb8 22. Qxb5 Ng6 23. Nbc4 h5 24. Qb6 g4 25. Qxd8 Rxd8 26. Rfb1 Rdd7 27.
Rb6 Ne8 28. Nb3 Rg7 29. fxg4 hxg4 30. g3 Nf6 31. Re1 fxg3 32. Bxg3 Rgf7 33.
Nbd2 Bh6 34. Nf1 Bf8 35. Nfd2 Bh6 36. Nb3 Bf8 1/2-1/2

[Event "Open NK"]
[Site "Dieren NED"]
[Date "2011.07.20"]
[Round "2"]
[White "Van Meegen,R"]
[Black "Von Meijenfeldt,Bart"]
[Result "1/2-1/2"]
[WhiteElo "1947"]
[BlackElo "2154"]
[EventDate "2011.07.19"]

1. e4 c5 2. Nf3 d6 3. d4 cxd4 4. Nxd4 Nf6 5. Nc3 a6 6. Be3 e5 7. Nb3 Be6 8.
f3 h5 9. Nd5 Bxd5 10. exd5 Nbd7 11. Qd2 Qc7 12. c4 e4 13. fxe4 Nxe4 14. Qd4
Nef6 15. Bd3 Be7 16. O-O Ne5 17. Bf4 Nfd7 18. Rae1 Bf6 19. Bf5 O-O 20. Qe4
Rae8 21. Bxd7 Qxd7 22. Bxe5 Bxe5 23. Qh4 g6 24. Qf2 Re7 25. h3 Rfe8 26. Kh1
b5 27. Na5 f5 28. Nc6 Rf7 29. Nxe5 dxe5 30. b3 Kh7 31. Qb6 bxc4 32. bxc4 e4
33. Qb3 f4 34. c5 f3 35. c6 Qd6 36. gxf3 e3 37. Rxe3 Qg3 38. Rxe8 Qxh3+ 39.
Kg1 Qg3+ 40. Kh1 Qh3+ 1/2-1/2

[Event "Open NK"]
[Site "Dieren NED"]
[Date "2011.07.20"]
[Round "2"]
[White "Merza,M"]
[Black "Cox,Ja"]
[Result "1/2-1/2"]
[WhiteElo "2145"]
[BlackElo "1962"]
[EventDate "2011.07.19"]

1. e4 e5 2. Nf3 Nc6 3. Bc4 Nf6 4. d3 Bc5 5. c3 d6 6. Be3 Bb6 7. Nbd2 O-O 8.
Bg5 Re8 9. Qe2 Be6 10. Bb5 h6 11. Bh4 Bd7 12. Ba4 Ne7 13. Bxd7 Nxd7 14. g4
Nf8 15. Bg3 Neg6 16. O-O-O Ne6 17. h4 Ngf4 18. Qf1 Qf6 19. g5 Qg6 20. gxh6
Qxh6 21. Ng5 c6 22. Kb1 Qh5 23. Nc4 Rad8 24. f3 Bc7 25. Ne3 f6 26. Nxe6
Nxe6 27. Nf5 Bb6 28. d4 g6 29. Ne3 exd4 30. Ng4 Kf7 31. cxd4 Bxd4 32. Qc4
Qc5 33. Qb3 Qb6 34. Qc2 Qc5 35. Qb3 Qb6 36. Qc2 Qc5 37. Qb3 1/2-1/2

[Event "Open NK"]
[Site "Dieren NED"]
[Date "2011.07.21"]
[Round "3"]
[White "Nijboer,F"]
[Black "Turov,M"]
[Result "0-1"]
[WhiteElo "2546"]
[BlackElo "2630"]
[EventDate "2011.07.19"]

1. e4 c6 2. d4 d5 3. e5 Bf5 4. Nf3 e6 5. Be2 Ne7 6. O-O Nc8 7. Nbd2 Be7 8.
Nb3 Nb6 9. a4 a5 10. Ne1 O-O 11. f4 Bg6 12. Nd3 N8d7 13. Be3 Nc4 14. Bf2
Qc7 15. Bg4 b5 16. Qe2 Rfb8 17. axb5 Rxb5 18. Ra2 Rab8 19. Ndc1 Be4 20. Bf3
Bxf3 21. Qxf3 f5 22. exf6 Nxf6 23. Ne2 Ne4 24. Nc3 Nxc3 25. Qxc3 Bd6 26. g3
Qf7 27. Qf3 Qg6 28. Rc1 h5 29. Kh1 Qf5 30. Be1 Bc7 31. Bc3 Bd6 32. Qe2 h4
33. Re1 hxg3 34. Qxe6+ Qxe6 35. Rxe6 Kf7 36. f5 Rh8 37. Nxa5 Rxa5 38. Bxa5
Rxh2+ 39. Kg1 Bf4 40. Bc7 Nd2 0-1

[Event "Open NK"]
[Site "Dieren NED"]
[Date "2011.07.21"]
[Round "3"]
[White "L'Ami,E"]
[Black "Milov,L"]
[Result "1-0"]
[WhiteElo "2611"]
[BlackElo "2515"]
[EventDate "2011.07.19"]

1. d4 d5 2. c4 c6 3. Nf3 Nf6 4. Nc3 dxc4 5. a4 Bf5 6. Ne5 Nbd7 7. Nxc4 Nb6
8. Ne3 Bg6 9. a5 Nbd5 10. Qb3 Nxe3 11. Bxe3 Qd7 12. g3 e6 13. Bg2 Nd5 14.
Bd2 Be7 15. O-O O-O 16. e4 Nb4 17. Ne2 Na6 18. Be3 c5 19. Rfd1 Rac8 20. e5
Rc7 21. Nf4 c4 22. Qc3 Bb4 23. Qc1 c3 24. d5 cxb2 25. Qxb2 Bc3 26. Qb3 Bxa1
27. dxe6 Qe7 28. exf7+ Kh8 29. Nxg6+ hxg6 30. Rxa1 Qxe5 31. Ra4 Rcxf7 32.
Rh4+ Kg8 33. Bd5 Qa1+ 34. Kg2 Qxa5 35. Qxb7 Nc7 36. Bc4 Qe5 37. Bf4 Qf6 38.
Qxc7 g5 39. Rg4 gxf4 40. Rxf4 Qg6 41. Bxf7+ Rxf7 42. Qb8+ 1-0